Educational research : (Record no. 4929)

000 -LEADER
fixed length control field 01101cam a2200253 a 4500
003 - CONTROL NUMBER IDENTIFIER
control field OSt
005 - DATE AND TIME OF LATEST TRANSACTION
control field 20220331085558.0
008 - FIXED-LENGTH DATA ELEMENTS--GENERAL INFORMATION
fixed length control field 070327s2008 njua b 001 0 eng
020 ## - INTERNATIONAL STANDARD BOOK NUMBER
International Standard Book Number 9780136135500 (casebound)
020 ## - INTERNATIONAL STANDARD BOOK NUMBER
International Standard Book Number 0136135501 (casebound)
040 ## - CATALOGING SOURCE
Transcribing agency DLC
050 00 - LIBRARY OF CONGRESS CALL NUMBER
Classification number LB1028
Item number .C742 2008
100 1# - MAIN ENTRY--PERSONAL NAME
Personal name Creswell, John W.
245 10 - TITLE STATEMENT
Title Educational research :
Remainder of title planning, conducting, and evaluating quantitative and qualitative research /
Statement of responsibility, etc. John W. Creswell.
250 ## - EDITION STATEMENT
Edition statement 3rd ed.
260 ## - PUBLICATION, DISTRIBUTION, ETC.
Place of publication, distribution, etc. Upper Saddle River, N.J. :
Name of publisher, distributor, etc. Pearson/Merrill Prentice Hall,
Date of publication, distribution, etc. c2008.
300 ## - PHYSICAL DESCRIPTION
Extent xvii, 670 p. :
Other physical details col. ill. ;
Dimensions 26 cm.
504 ## - BIBLIOGRAPHY, ETC. NOTE
Bibliography, etc. note Includes bibliographical references (p. 650-658) and indexes.
650 #0 - SUBJECT ADDED ENTRY--TOPICAL TERM
Topical term or geographic name entry element Education
General subdivision Research
-- Methodology.
856 41 - ELECTRONIC LOCATION AND ACCESS
Uniform Resource Identifier http://172.30.46.200/cgi-bin/koha/opac-retrieve-file.pl?id=a81ae27ea10e4422a40770dd4da1e031
906 ## - LOCAL DATA ELEMENT F, LDF (RLIN)
a 7
b cbc
c orignew
d 1
e ecip
f 20
g y-gencatlg
942 ## - ADDED ENTRY ELEMENTS (KOHA)
Source of classification or shelving scheme
Koha item type e-book
Suppress in OPAC MW
Holdings
Withdrawn status Lost status Source of classification or shelving scheme Damaged status Not for loan Permanent Location Current Location Shelving location Date acquired Total Checkouts Full call number Date last seen Price effective from Koha item type Public note
          AU LIBRARY AU LIBRARY Open Shelf 31.03.2022   LB1028 .C742 2008 31.03.2022 31.03.2022 e-book MW

Powered by Koha